| 000 | 00420nam a2200169Ia 4500 | ||
|---|---|---|---|
| 005 | 20240823005148.0 | ||
| 008 | 240823s9999||||xx |||||||||||||| ||und|| | ||
| 082 | _A658.3124 N7 | ||
| 100 | _aMcgrath S J | ||
| 245 | 0 | _aTraining for Life and Leadership in Industry | |
| 250 | _a4th | ||
| 260 |
_c1997 _b"PHI,New Delhi" |
||
| 500 | _aYES | ||
| 650 |
_aManagement _bManagement Studies |
||
| 942 | _cBK | ||
| 999 |
_c154932 _d154932 |
||